000 01250nam0a2200313 4500
001 RU\NLR\BIBL_A\010687777
005 20260319150005.0
010 _a978-5-91478-023-1
021 _aRU
_b2015-46517
_92770
035 _a(NLR Aleph) 010687777
090 _a9670933
_c9670933
100 _a20150302d2015 u y0rusy50 ca
101 1 _arus
_cfre
102 _aRU
105 _ay|||z|||001yy
200 1 _aСимулякры и симуляции
_fЖан Бодрийяр
_g[пер. с фр. А. Качалова]
210 _aМосква
_cПостум
_d2015
215 _a238, [1] с.
_d21
225 1 _aТехнология свободы
300 _aНа обороте тит. л. авт.: философ-постмодернист, культуролог и социолог Жан Бодрийяр
320 _aБиблиогр. в подстроч. примеч.
606 1 _aПостмодернизм (филос.)
_yФранция
_92701570
_3RU\NLR\AUTH\6601767885
686 1 _aЮ3(4Фр)6-68
700 1 _7ca
_8rus
_aБодрийяр
_bЖ.
_f1929-2007
_gЖан
_9120510
_3RU\NLR\AUTH\7710745
942 _cBOOK
980 _aNBR
980 _aNB